Về nội dung bức thư : Thư của đại biểu Nguyễn gửi toàn quyền Đông Dương ngày 20 - 2 - 1909 /

Guardat en:
Dades bibliogràfiques
Autor principal: Lê Huy Tuấn.
Altres autors: Nguyễn Thu Hoài.
Format: Article
Idioma:Vietnamese
Matèries:
Etiquetes: Afegir etiqueta
Sense etiquetes, Sigues el primer a etiquetar aquest registre!
Thư viện lưu trữ: Thư viện Trường Đại học Đà Lạt
LEADER 00914nam a2200289 4500
001 DLU090081966
005 ##20090910
040 # # |a DLU  |b vie 
041 # # |a vie 
044 # # |a vn 
100 # # |a Lê Huy Tuấn. 
245 # # |a Về nội dung bức thư :  |b Thư của đại biểu Nguyễn gửi toàn quyền Đông Dương ngày 20 - 2 - 1909 /  |a Lê Huy Tuấn,Nguyễn Thu Hoài. 
653 # # |a Đấu tranh ngoại giao 
653 # # |a Hồ Chí Minh, 1890-1969 
653 # # |a Toàn quyền Đông Dương 
700 # # |a Nguyễn Thu Hoài. 
773 # # |t Nghiên cứu lịch sử  |g Số 5(397),2009, tr. 53-55 
920 # # |a Phòng Tạp chí -- Trung tâm Thông tin - Thư viện Trường Đại học Đà Lạt 
994 # # |a DLU 
900 # # |a True 
911 # # |a Nguyễn Thị Linh Chi 
925 # # |a G 
926 # # |a A 
927 # # |a BB 
980 # # |a Thư viện Trường Đại học Đà Lạt